Electric and hybrid vehicles : (Record no. 22766)

MARC details
000 -LEADER
fixed length control field 00580cam a22002055i 4500
003 - CONTROL NUMBER IDENTIFIER
control field KenMUT
005 - DATE AND TIME OF LATEST TRANSACTION
control field 20250519155818.0
008 - FIXED-LENGTH DATA ELEMENTS--GENERAL INFORMATION
fixed length control field 210114s2021 flu 000 0 eng
020 ## - INTERNATIONAL STANDARD BOOK NUMBER
International Standard Book Number 9780367693930
020 ## - INTERNATIONAL STANDARD BOOK NUMBER
International Standard Book Number 9781138590588
040 ## - CATALOGING SOURCE
Transcribing agency MUT
050 ## - LIBRARY OF CONGRESS CALL NUMBER
Classification number TL 220
Item number .H87 2021
100 1# - MAIN ENTRY--PERSONAL NAME
Personal name Husain, Iqbal,
Relator term author.
245 10 - TITLE STATEMENT
Title Electric and hybrid vehicles :
Remainder of title design fundamentals /
250 ## - EDITION STATEMENT
Edition statement 3rd ed.
260 ## - PUBLICATION, DISTRIBUTION, ETC.
Place of publication, distribution, etc. Boca Raton :
Name of publisher, distributor, etc. Taylor and Francis,
Date of publication, distribution, etc. 2021
650 ## - SUBJECT ADDED ENTRY--TOPICAL TERM
Topical term or geographic name entry element Electric vehicles.
650 ## - SUBJECT ADDED ENTRY--TOPICAL TERM
Topical term or geographic name entry element Hybrid electric vehicles.
942 ## - ADDED ENTRY ELEMENTS (KOHA)
Source of classification or shelving scheme Library of Congress Classification
Koha item type Books
Suppress in OPAC No
Holdings
Withdrawn status Lost status Source of classification or shelving scheme Damaged status Not for loan Home library Current library Date acquired Total checkouts Full call number Barcode Date last seen Date last checked out Price effective from Koha item type Shelving location Source of acquisition
    Library of Congress Classification     Murang'a University of Technology Library Murang'a University of Technology Library 07/04/2025 1 TL 220 .H87 2021 031821 13/06/2025 31/05/2025 07/04/2025 Books    
    Library of Congress Classification     Murang'a University of Technology Library Murang'a University of Technology Library 07/04/2025   TL 220 .H87 2021 031820 07/04/2025   07/04/2025 Books General stacks Purchase